000 00704cam a22002172 4500
001 0000025348
005 20151217154519.0
008 150722s xx 000 0 eng d
020 _a0781793834 :
040 _aKABU
_cKABU
245 1 0 _aFundamentals of nursing :
_bthe art and science of nursing care /
_cCarol R. Taylor... [et al.].
250 _a7th ed.
260 _aPhiladelphia, PA :
_bWolters Kluwer,
_c2011.
300 _a1 vol. (various pagings) +
_e1 CD-ROM.
650 0 _aNursing.
_@0000155852
650 0 _aEthics, Nursing.
_@0000178263
700 1 _aTaylor, Carol R... [et al.].
_@0000185987
908 _a150722
950 _@1
999 _c11648
_d11648